|
|
|
|
| LEADER |
00000nam a2200000Ii 4500 |
| 001 |
DIGDESCL0088 |
| 003 |
NyNyDIG |
| 007 |
cr ||||||||||| |
| 008 |
220816s2013 sp b 00 0spa |
| 006 |
m o d |
| 035 |
|
|
|a (OCoLC)962451548
|
| 040 |
|
|
|a DGITA
|b eng
|e rda
|e pn
|c DGITA
|
| 020 |
|
|
|a 9788433036650
|q eBook
|q ePub
|
| 020 |
|
|
|z 9788433023735
|
| 050 |
1 |
4 |
|a BX2159.H7 ebook
|
| 100 |
1 |
|
|a Casasnovas, José María,
|d 1925-2015,
|e author.
|
| 245 |
1 |
0 |
|a Hora santa en casa /
|c José M. Casasnovas.
|
| 264 |
|
1 |
|a Bilbao :
|b Desclée de Brouwer,
|c [2013]
|
| 300 |
|
|
|a 1 online resource.
|
| 336 |
|
|
|a text
|b txt
|2 rdacontent
|
| 337 |
|
|
|a computer
|b c
|2 rdamedia
|
| 338 |
|
|
|a online resource
|b cr
|2 rdacarrier
|
| 347 |
|
|
|a text file
|2 rdaft
|
| 347 |
|
|
|b EPUB
|
| 588 |
0 |
|
|a Online resource; title from ePub title page (Digitalia, viewed August 16, 2022)
|
| 650 |
|
0 |
|a Meditations.
|
| 650 |
|
0 |
|a Holy Hour.
|
| 655 |
|
0 |
|a Electronic books.
|
| 791 |
2 |
|
|a Digitalia (Firm),
|e distributor.
|
| 793 |
0 |
|
|g Digitalia eBook Collection:
|a Desclée de Brouwer.
|
| 776 |
0 |
8 |
|i Print version:
|a Casasnovas, José María, 1925-2015.
|t Hora santa en casa.
|d Bilbao : Desclée de Brouwer, [2013]
|z 9788433023735
|
| 856 |
4 |
0 |
|3 Digitalia Hispánica
|u https://www.digitaliapublishing.com/a/84152/
|
| 910 |
|
|
|a Premium collection: 2022
|